Central Library OPAC University of Rajshahi

A history of American philosophy / (Record no. 31424)

MARC details
000 -LEADER
fixed length control field 00932nam a2200277 a 4500
001 - CONTROL NUMBER
control field 31424
003 - CONTROL NUMBER IDENTIFIER
rucl marc code BD-RjUL
005 - DATE AND TIME OF LATEST TRANSACTION
control field 20211209051711.0
008 - FIXED-LENGTH DATA ELEMENTS--GENERAL INFORMATION
fixed length control field 140415r19471946nyu 001 0 eng d
035 ## - SYSTEM CONTROL NUMBER
System control number (BD-RjUL)31511
040 ## - CATALOGING SOURCE
Original cataloging agency WASKC
Language of cataloging eng
Transcribing agency WASKC
Modifying agency ABN:1
-- BD-RjUL
041 ## - LANGUAGE CODE
Language code of text/sound track or separate title eng
082 04 - DEWEY DECIMAL CLASSIFICATION NUMBER
Classification number 191
Author mark and year SCH 1947
100 1# - MAIN ENTRY--PERSONAL NAME
Personal name Schneider, Herbert W.
Fuller form of name (Herbert Wallace),
Dates associated with a name 1892-
9 (RLIN) 95611
245 02 - TITLE STATEMENT
Title A history of American philosophy /
Statement of responsibility, etc. by Herbert W. Schneider.
260 ## - PUBLICATION, DISTRIBUTION, ETC. (IMPRINT)
Place of publication, distribution, etc. New York :
Name of publisher, distributor, etc. Columbia University Press,
Date of publication, distribution, etc. 1946 [Reprinted 1947]
300 ## - PHYSICAL DESCRIPTION
Pagination xiv, 646 p. ;
Size 23 cm.
490 0# - SERIES STATEMENT
Series statement Columbia studies in American culture, no. 18
500 ## - GENERAL NOTE
General note "Guide to the literature" at end of each part.
504 ## - BIBLIOGRAPHY, ETC. NOTE
Bibliography, etc Includes Index
650 #0 - SUBJECT ADDED ENTRY--TOPICAL TERM
Topical term or geographic name as entry element Philosophy, American.
9 (RLIN) 95612
Topical term or geographic name as entry element Philosophy
General subdivision History
Geographic subdivision United States.
9 (RLIN) 95573
651 #0 - SUBJECT ADDED ENTRY--GEOGRAPHIC NAME
Geographic name United States
General subdivision Civilization.
9 (RLIN) 95613
942 ## - ADDED ENTRY ELEMENTS (KOHA)
Source of classification or shelving scheme Dewey Decimal Classification
Koha item type Books
Holdings
Lost status Source of classification or shelving scheme Damaged status Not for loan Collection code Permanent Location Current Location Shelving location Date acquired Source of acquisition Cost, normal purchase price Total Checkouts Full call number Date last seen Copy number Koha item type
  Dewey Decimal Classification   Not For Loan Non-fiction Central Library, University of Rajshahi Central Library, University of Rajshahi Reading Room 10/08/1955 O. U. P. 20.00   191 SCH 1947 15/04/2014 C-1 Books
  Dewey Decimal Classification     Non-fiction Central Library, University of Rajshahi Central Library, University of Rajshahi   22/02/1958 U. S. I .S. Dhaka Gift     191 SCH 1947 15/04/2014 C-2 Books